000
00330pab a2200145 454500
008
180718b1983 xxu||||| |||| 00| 0 eng d
100
_a
Sahay, S.
245
_a
Karnataka shows the way
260
_c
1983
300
_a
6
362
_a
17 Mar.
650
_a
Ombudsman - India - Karnataka
773
_a
Statesman
909
_a
14408
999
_c
14408
_d
14408